000 00286nam a22001337a 4500
008 171023b xxu||||| |||| 00| 0 eng d
020 _a0878721835
041 _aeng
080 _a311
100 _a55
101 _aSTA
245 _aSTATISTICAL LITERACY
_cHAACK,D.G
942 _2udc
_cBK
999 _c35581
_d35581